Statistics for Mystery Country #2

Click here to take the quiz!

General Stats

  • This quiz has been taken 322 times
  • The average score is 13 of 17

Answer Stats

QuestionClues% Correct
2. What is the world's least densely populated country?
99%
1. In what country would you find the city of Limerick?The Mystery Country is not located in Europe
98%
3. What is Africa's second longest river?
87%
4. What country was formerly known as Ceylon?
85%
5. What is the most populous state in Australia?
82%
6. What canal connects the Red and Mediterranean Seas?
79%
The Mystery Country is not located in Asia
79%
7. What is the most populous country in Africa?
78%
The Mystery Country has green in its flag
78%
8. What country is also known as Aotearoa?
77%
In the Mystery Country 94,4% of the people are christian
77%
The Mystery Country is not landlocked
77%
The Mystery Country has English as an official language
75%
In the Mystery Country you drive on the left side of the road
70%
The Mystery Country has purple on its flag
64%
The Mystery Country is:
64%
Dominica
27%

Score Distribution

Percentile by Number Answered

Percent of People with Each Score

Your Score History

You have not taken this quiz